00443nam a2200109Ia 4500008004100000050002600041100003100067245009100098260008600189300002800275521003000303140724s9999 xx 000 0 und d aHF 5415.7b.B352 2009 aBautista, Julius Caesar Z. aHadling customer service at viewpoint inn and restaurant /cJuluis Caesar Z. Bautista. aLas Piñas, Philippines :bSouthville International School and Colleges,cc2009. a55 p. :bill. ;c28 cm. aHuman Resource Management